| 000 | 00968cam a2200265 a 4500 | ||
|---|---|---|---|
| 003 | CO-ViMGA | ||
| 005 | 20230915233129.0 | ||
| 008 | 081112s1999 sp a jr 000 j spa | ||
| 020 | _a9789581414505 | ||
| 040 |
_aCO-ViMGA _bspa _cCO-ViMGA |
||
| 090 | _aC WAGO | ||
| 100 | 1 | 0 |
_aWagner, Jenny _923553 |
| 245 | 1 | 0 |
_aOscar y la gata de medianoche _cuna historia de Jenny Wagner ; con ilustraciones de Ron Brooks |
| 250 | _aEdicin̤ especial para El Ministerio de Cultura | ||
| 260 |
_aBogotá _bPlaza y janés _c1999 |
||
| 300 |
_a[30] pg̀inas _bilustraciones _c26 cm |
||
| 490 | _aLeer es mi cuento | ||
| 650 | 1 | 4 |
_aAmistad en la literatura _2LEMB _9497 |
| 650 | 1 | 4 |
_aCuentos infantiles australianos _2LEMB _ySiglo XX _923651 |
| 650 | 1 | 4 |
_aGatos en la literatura _2LEMB _925724 |
| 650 | 1 | 4 |
_aLiteratura infantil australiana _ySiglo XX _2LEMB _910626 |
| 650 | 1 | 4 |
_aPerros en la literatura _2LEMB _9642 |
| 700 | 1 | 0 |
_aBrooks, Ron _eilustrador _925725 |
| 942 |
_2ddc _cBK |
||
| 999 |
_c3984 _d3984 |
||